LIBRARY & INFORMATION CENTRE, KCAET, TAVANUR

ONLINE PUBLIC ACCESS CATALOGUE (OPAC)

Mechanical Measurements and Instrumentation: (Including Metrology and Control Systems) (Record no. 13477)

MARC details
000 -LEADER
fixed length control field 00351cam a2200121ua 4500
020 ## - INTERNATIONAL STANDARD BOOK NUMBER
ISBN 818845883
082 ## - DEWEY DECIMAL CLASSIFICATION NUMBER
Classification number 620.30287
Item number RAJ/ME
100 ## - MAIN ENTRY--AUTHOR NAME
Personal name Rajput, R.K .
245 ## - TITLE STATEMENT
Title Mechanical Measurements and Instrumentation: (Including Metrology and Control Systems)
260 ## - PUBLICATION, DISTRIBUTION, ETC. (IMPRINT)
Place of publication New Delhi :
Name of publisher S K Kataria and sons ,
Year of publication 2010
300 ## - PHYSICAL DESCRIPTION
Number of Pages 765
942 ## - ADDED ENTRY ELEMENTS (KOHA)
Koha item type Books
Holdings
Withdrawn status Lost status Damaged status Home library Current library Date acquired Full call number Accession Number Koha item type Collection code Shelving location Source of acquisition Cost, normal purchase price
      KAUAET KAUAET 07/04/2012 620.30287 21974 Books        
      KAUAET KAUAET 15/07/2016 620.30287 RAJ/ME 24174 Books   General Stacks Penta Books Distributors, Calicut. 275.00
free website counter